[Event "Online Olym Disabilities"]
[Site "Tornelo INT"]
[Date "2020.11.27"]
[Round "7.11"]
[White "Basualto Penalieres, Pedro Jaime"]
[Black "Nevarez Castro, Andres"]
[Result "1/2-1/2"]
[WhiteElo "2025"]
[BlackElo "1250"]
[PlyCount "115"]
[EventDate "2020.11.21"]
[EventType "team-swiss (rapid)"]
[EventRounds "7"]
[EventCountry "NET"]
[SourceTitle "CBM 199 Extra"]
[Source "ChessBase"]
[SourceDate "2021.01.31"]
[SourceVersion "1"]
[SourceVersionDate "2021.01.31"]
[SourceQuality "1"]
[WhiteTeam "Chile"]
[BlackTeam "Ecuador"]
[WhiteTeamCountry "CHI"]
[BlackTeamCountry "ECU"]

1. e4 c5 2. Nf3 e6 3. c3 Nf6 4. d3 d6 5. Be2 Nbd7 6. 0-0 b6 7. Re1 Bb7 8. Bg5 Be7 9. Nbd2 0-0 10. Qc2 Qc7 11. Rad1 Rac8 12. Bf1 h6 13. Bh4 Rfd8 14. h3 Ne5 15. Bg3 Nfd7 16. d4 cxd4 17. Nxd4 a6 18. f4 Nc6 19. N2f3 Nxd4 20. Nxd4 Nf6 21. Bd3 Nh5 22. Bh2 Nf6 23. a4 Qb8 24. Qe2 Qa8 25. Kh1 Nd7 26. Bg1 Nc5 27. Bc2 Bh4 28. Bf2 Bxf2 29. Qxf2 Nxe4 30. Bxe4 Bxe4 31. Ne2 Qb7 32. Ng3 Bc6 33. Rd4 b5 34. axb5 Bxb5 35. Red1 Qe7 36. Qd2 d5 37. Re1 Qh4 38. Kh2 Rc4 39. f5 Rxd4 40. cxd4 Re8 41. Re5 Qd8 42. Qf4 exf5 43. Rxf5 Qd7 44. Qf3 Bc4 45. b3 g6 46. Rf6 Bb5 47. Qf4 Kg7 48. Rd6 Qb7 49. Nh5+ gxh5 50. Qxh6+ Kg8 51. Qg5+ Kf8 52. Qh6+ Ke7 53. Qf6+ Kf8 54. Qh8+ Ke7 55. Qe5+ Kf8 56. Qh8+ Ke7 57. Qe5+ Kf8 58. Qh8+ 1/2-1/2